Mots de la langue française terminés par "pion" - Statistiques

Statistiques générales
  • Ce quiz a été pris 230 fois
  • Le résultat moyen est 7 sur 13
Statistiques - réponses
Indice Mot % Correct
pou de pubis morpion
92%
signe zodiacal scorpion
91%
lanterne lampion
89%
James Bond espion
88%
as champion
83%
numéro pion
73%
base de la queue des oiseaux croupion
52%
général romain surnommé "L'Africain" Scipion
44%
pied (familier) arpion
38%
petite seiche supion
24%
individu (péjoratif) tartempion
21%
charançon apion
10%
singe papion
1%
Aucun quiz correspondant
Distribution des résultats
% des personnes avec chaque résultat
Percentile par nombre de réponses
Votre historique - résultats
Vous n’avez pas pris ce quiz